书目信息 |
| 题名: |
药物与药物相宜
|
|
| 作者: | 张云辉 主编 | |
| 分册: | ||
| 出版信息: | 广东经济出版社 2005.04 |
|
| 页数: | 218页 | |
| 开本: | 20cm | |
| 丛书名: | ||
| 单 册: | ||
| 中图分类: | R969.2 | |
| 科图分类: | ||
| 主题词: | 药理学 | |
| 电子资源: | ||
| ISBN: | 7-80677-976-0 | |
| 000 | 00550nam0 2200181 450 | |
| 001 | 1559372899 | |
| 005 | 20150623090553.10 | |
| 010 | @a7-80677-976-0@dCNY72.00 | |
| 100 | @a20150619d2005 km y0chiy0120 ea | |
| 101 | 0 | @achi |
| 200 | 1 | @a药物与药物相宜@Ayao wu yu yao wu xiang yi@f张云辉等主编@Fzhang yun hui deng zhu bian |
| 210 | @c广东经济出版社@d2005.04 | |
| 215 | @a218页@d20cm | |
| 606 | 0 | @a药理学 |
| 690 | @aR969.2@v4 | |
| 701 | 0 | @a张云辉@Azhang yun hui@4主编 |
| 801 | 0 | @aCN@b大连网信软件有限公司图书馆·11@c20150623 |
| 905 | @aZUCC@dR969.2@eZ232 | |
| 药物与药物相宜/张云辉等主编.-广东经济出版社,2005.04 |
| 218页;20cm |
| ISBN 7-80677-976-0:CNY72.00 |
| ● |
| 相关链接 |
|
|
|
正题名:药物与药物相宜
索取号:R969.2/Z232
 
预约/预借
| 序号 | 登录号 | 条形码 | 馆藏地/架位号 | 状态 | 备注 |
| 1 | 497200 | 204972002 | 自科库401/401自科库 23排1列5层/ [索取号:R969.2/Z232] | 在馆 |